|
|
|
|
| LEADER |
00000nam a22000007a 4500 |
| 005 |
20170702223051.0 |
| 007 |
cr|||| |||| |
| 008 |
170702s2009 mx |||||s|||| 00||0 spa d |
| 020 |
|
|
|a 978-607-95388-1-1
|
| 035 |
|
|
|a 20389
|
| 040 |
|
|
|a vLex
|
| 090 |
|
|
|c 6799
|d 6799
|
| 100 |
1 |
|
|a Nn︢ez Rodrg̕uez, Violeta R.
|
| 245 |
1 |
0 |
|a Anl̀isis del presupuesto en materia indg̕ena 2001-2009
|h [Recurso electrn̤ico] /
|c Violeta R. Nn︢ez Rodrg̕uez
|
| 256 |
|
|
|a Servicio en ln̕ea
|
| 260 |
|
|
|a Ciudad de Mx̌ico:
|b Cm̀ara de Diputados,
|c 2009
|
| 300 |
|
|
|a 1 recurso electrn̤ico
|
| 506 |
1 |
|
|a Disponible solo en los productos indicados
|d vLex Global
|d vLex Global (Academic Edition, excluding Law Schools)
|d vLex Global (U.S. Academic Edition, Law Schools)
|d vLex Global (U.S. Academic Edition, excluding Law Schools)
|d vLex Global (Academic Edition, Law Schools)
|
| 650 |
0 |
4 |
|a Derecho Fiscal
|z Mx̌ico
|
| 650 |
0 |
4 |
|a Presupuesto
|z Mx̌ico
|
| 740 |
0 |
|
|a vLex Libros (Servicio en ln̕ea)
|
| 856 |
4 |
0 |
|u http://vlex.com/source/analisis-del-presupuesto-en-materia-indigena-2001-2009-20389
|z Acceso restringido
|
| 942 |
|
|
|c BOOK
|
| 999 |
0 |
|
|a Tax Law
|
| 999 |
0 |
|
|a Budget
|